Guess the Footballers by their Teams #20 - Statistics

General Stats
  • This quiz has been taken 169 times
  • The average score is 8 of 10
Answer Stats
Hint Answer % Correct
2006-. Schalke 04, Werder Bremen, Real Madrid, Arsenal, Fenerbahce, Germany. Mesut Ozil
97%
2003-. Valencia B, Valencia, Eibar (loan), Celta (loan), Manchester City, Real Sociedad, Spain. David Silva
92%
2001-. Bahia, Sevilla, Barcelona, Juventus, Paris Saint-Germain, Sao Paulo, Barcelona, Brazil. Dani Alves
85%
1990-2007. Clausenengen, Molde, Manchester United, Norway. Ole Gunnar Solskjaer
85%
1982-2001. FC Constanta, Sportul Studentesc, Steaua Bucuresti, Real Madrid, Brescia, Barcelona, Galatasaray, Romania. Gheorghe Hagi
83%
1981-1998. KB, Brondby, Lazio, Juventus, Barcelona, Real Madrid, Vissel Kobe, Ajax, Denmark. Michael Laudrup
80%
2011-. Karlsruher SC, Hamburger SV. Bayer Leverkusen, AC Milan, Inter Milan, Turkey. Hakan Calhanoglu
74%
2003-. Sporting CP B, Sporting CP. Porto, Monaco, Wolverhampton Wanderers, Portugal. Joao Moutinho
72%
1999-2018. Ajax Cape Town, Ajax, Borussia Dortmund, Everton (loan), Everton, Tottenham Hotspur, Everton (loan), Everton, Sunderland, Bidvest Wits, South Africa. Steven Pienaar
47%
2009-. Real Madrid B, Real Madrid, Sevilla (loan), Villarreal (loan), Valencia (loan), Villarreal, Valencia (loan), Valencia, Russia. Denis Cheryshev
43%
No matching quizzes found
Score Distribution
Percent of People with Each Score
Percentile by Number Answered
Your Score History
You have not taken this quiz